| 000 | 01044cam a22003857a 4500 | ||
|---|---|---|---|
| 001 | 000083716 | ||
| 003 | CHAP | ||
| 005 | 20220817043630.0 | ||
| 008 | 000307d1980 it a rn 00110 eng d | ||
| 010 | _a80192 | ||
| 011 | _a81164 | ||
| 020 | _a925100627X | ||
| 035 | _a91626 | ||
| 040 | _cCHAP | ||
| 082 | 0 | 4 |
_a658.31240 _bF3 v.1 |
| 110 | 2 | _aFAO | |
| 245 | 1 | 0 |
_aPair trawling with small boats / _c/by M. Ben-Yami. |
| 260 |
_aRome : _bFAO, _c1980. |
||
| 300 |
_a77 p. : _bilus. |
||
| 410 | _aFAO | ||
| 490 | 0 |
_aCapacitación _v; 1 |
|
| 590 |
_aBATCH-UPD _b10 _c20130110 _lUCH01 _h0452 |
||
| 590 |
_aCONVERSION _b10 _c20130109 _lUCH01 _h1345 |
||
| 590 |
_aE5995AHE _b05 _c20150827 _lUCH01 _h1242 |
||
| 650 | 1 | 4 | _aPesca. |
| 650 | 1 | 4 |
_aPesca _xEmbarcaciones. _987376 |
| 700 | 0 |
_aBen-Yami, M. _911504 |
|
| 810 | 0 | _aFAO | |
| 830 | 0 |
_aCapacitación _v; 1 _918691 |
|
| 901 | _aBK | ||
| 905 | _aLilia Sánchez G. | ||
| 942 | _cLIBRO | ||
| 942 | _n0 | ||
| 949 |
_a658.312404 F3 v.1 _bBC _cFAO _d33724000739413 _eFAO1 _h96846 _i91626 _kDonaciØn _sb |
||
| 999 |
_c80192 _d80192 |
||